[Event "Subotica-ch"]
[Site "Subotica"]
[Date "2013.05.17"]
[Round "3"]
[White "Hegedus, Antal"]
[Black "Vujevic, Branislav"]
[Result "1-0"]
[WhiteElo "1983"]
[BlackElo "1809"]
[PlyCount "75"]
[EventDate "2013.05.13"]
[EventType "swiss"]
[EventRounds "9"]
[EventCountry "SRB"]
[SourceTitle "CBM 154 Extra"]
[Source "ChessBase"]
[SourceDate "2013.06.25"]
[SourceVersion "2"]
[SourceVersionDate "2013.06.25"]
[SourceQuality "1"]

1. d4 c5 2. d5 g6 3. c4 d6 4. Nc3 Nf6 5. e4 e5 6. g3 a6 7. Bg2 Bg7 8. Nge2 Bd7 9. a4 0-0 10. 0-0 Qc8 11. Qb3 h6 12. a5 Bh3 13. f3 Bxg2 14. Kxg2 Nbd7 15. Bd2 Nh7 16. Qc2 f5 17. f4 exf4 18. Nxf4 Ne5 19. Ne6 Qd7 20. Nxf8 Rxf8 21. exf5 gxf5 22. b3 Qf7 23. Rae1 Ng5 24. h4 Nh7 25. Ne4 Qg6 26. Nf2 Qh5 27. Nh3 Qf7 28. Nf4 Kh8 29. Ne6 Rg8 30. Qxf5 Qe7 31. Bf4 Nf8 32. Rxe5 dxe5 33. Bxe5 Nxe6 34. dxe6 b6 35. Bxg7+ Rxg7 36. Qf8+ Qxf8 37. Rxf8+ Kh7 38. axb6 1-0

[Event "Subotica Autumn op"]
[Site "Subotica"]
[Date "2012.12.22"]
[Round "8"]
[White "Lanji, Stevan"]
[Black "Vujevic, Branislav"]
[Result "1/2-1/2"]
[WhiteElo "1657"]
[BlackElo "1814"]
[PlyCount "34"]
[EventDate "2012.12.14"]
[EventType "swiss"]
[EventRounds "9"]
[EventCountry "SRB"]
[SourceTitle "EXT 2014"]
[Source "ChessBase"]
[SourceDate "2013.11.20"]
[SourceVersion "1"]
[SourceVersionDate "2013.11.20"]
[SourceQuality "1"]

1. e4 e5 2. Nf3 Nc6 3. Bc4 Bc5 4. 0-0 Nf6 5. Nc3 0-0 6. Re1 Re8 7. a3 h6 8. d3 b6 9. Be3 Bxe3 10. Rxe3 Bb7 11. Ba2 d6 12. Nd5 Nxd5 13. exd5 Ne7 14. c4 a5 15. Bb3 Kh8 16. h3 Rf8 17. Qd2 f5 1/2-1/2

[Event "Subotica Autumn op"]
[Site "Subotica"]
[Date "2012.12.15"]
[Round "2"]
[White "Vujevic, Branislav"]
[Black "Jovanovic, Milan B"]
[Result "0-1"]
[WhiteElo "1814"]
[BlackElo "1941"]
[PlyCount "48"]
[EventDate "2012.12.14"]
[EventType "swiss"]
[EventRounds "9"]
[EventCountry "SRB"]
[SourceTitle "EXT 2014"]
[Source "ChessBase"]
[SourceDate "2013.11.20"]
[SourceVersion "1"]
[SourceVersionDate "2013.11.20"]
[SourceQuality "1"]

1. e4 d5 2. exd5 Qxd5 3. Nc3 Qa5 4. Nf3 Nf6 5. d3 Bg4 6. h3 Bh5 7. Be2 e6 8. Bd2 c6 9. Nd4 Bxe2 10. Qxe2 Nbd7 11. 0-0-0 Bb4 12. Nb3 Qc7 13. Ne4 a5 14. a3 Be7 15. Bc3 b5 16. Nxf6+ Nxf6 17. Be5 Qb7 18. g4 a4 19. g5 axb3 20. gxf6 gxf6 21. Bc3 b4 22. axb4 Bxb4 23. Kd2 bxc2 24. Bxb4 cxd1Q+ 0-1